Soviet combat troops in Cuba : implications of the Carter solution for the USSR /

Bibliographic Details
Main Author: Harvey, Mose L.
Format: Book
Language:English
Published: [Washington, D.C.] : [Coral Gables, Fla.] : Advanced International Studies Institute ; University of Miami, 1979.
Series:Monographs in international affairs.
Subjects:

MARC

Tag First Indicator Second Indicator Subfields
LEADER 00000cam a2200000 i 4500
001 in00000055416
005 20151008052229.0
008 800215s1979 dcu b 00010 eng
010 |a  79003737  
020 |a 0933074425 
035 |a (OCoLC)06087833 
035 |9 AAH2348AM 
040 |a DLC  |c DLC  |d TXA  |d UtOrBLW 
043 |a n-us---  |a e-ur---  |a nwcu--- 
049 |a TXAM  |c [1497515] 
050 0 0 |a E183.8.R9  |b H25 
082 0 |a 327.73047 
100 1 |a Harvey, Mose L. 
245 1 0 |a Soviet combat troops in Cuba :  |b implications of the Carter solution for the USSR /  |c Mose L. Harvey. 
264 1 |a [Washington, D.C.] :  |b Advanced International Studies Institute ;  |a [Coral Gables, Fla.] :  |b University of Miami,  |c 1979. 
300 |a v, 54 pages ;  |c 23 cm. 
336 |a text  |b txt  |2 rdacontent 
337 |a unmediated  |b n  |2 rdamedia 
338 |a volume  |b nc  |2 rdacarrier 
490 1 |a Monographs in international affairs 
500 |a Includes bibliographical references. 
651 0 |a United States  |x Foreign relations  |z Soviet Union. 
651 0 |a Soviet Union  |x Foreign relations  |z United States. 
651 0 |a Soviet Union  |x Armed Forces  |z Cuba. 
651 0 |a Soviet Union  |x Military policy. 
651 0 |a United States  |x Military policy. 
651 0 |a United States  |x Foreign relations  |y 1977-1981. 
830 0 |a Monographs in international affairs. 
999 |a MARS 
999 f f |s 8565bc36-8413-3487-88a4-247c13f7cb04  |i 77e918b0-c1de-3d52-8d4a-d6037f429c60  |t 0 
952 f f |p ric  |a Texas A&M University  |b Rellis Campus  |c Joint Library Facility  |d Remote Storage  |t 0  |e E183.8.R9 H25  |h Library of Congress classification  |i unmediated -- volume  |m A14802176707 
998 f f |a E183.8.R9 H25  |t 0  |l Remote Storage